|
|
|
|
| LEADER |
00000nam a2200000 a 4500 |
| 001 |
vtls001335742 |
| 003 |
SK-MaSNL |
| 005 |
20260416165151.0 |
| 008 |
251113s1989 xr 0 cze |
| 020 |
|
|
|a 8004241018
|
| 035 |
|
|
|a SNK000288717
|
| 040 |
|
|
|a SNK
|b slo
|c SNK
|e AACR2
|
| 041 |
0 |
|
|a cze
|
| 044 |
|
|
|a CZ
|
| 080 |
|
|
|a 372.893(075.2)
|2 1981
|
| 245 |
1 |
|
|a Dějepis pro 6. ročník základní školy
|c naps. Marián Skladaný ; přel. Věra Velkoborská ze slov. orig.
|
| 250 |
|
|
|a 6. preprac. vyd.
|
| 260 |
|
|
|a Praha
|b Státní pedagogické nakladatelství
|c 1989
|
| 300 |
|
|
|a 234, [2] s.
|c 8°
|
| 490 |
1 |
|
|a Učebnice pro základní školu
|
| 650 |
0 |
7 |
|a dejepis
|x učebnice zákl. škôl (6. roč.)
|2 SNK
|9 579735
|
| 830 |
|
0 |
|a Učebnice pro základní školu
|9 385075
|
| 919 |
|
|
|a 80-04-24101-8
|
| 958 |
|
|
|a RK
|
| 958 |
|
|
|a OND
|
| 999 |
|
|
|c 890892
|d 892822
|
| 952 |
|
|
|t P60, <03>, [BOOK], {603}
|a SNK
|b SNK
|y PREZ
|7 0
|o snkSD 61746
|i snkKIP 495/90
|0 0
|1 0
|4 0
|d 1998-06-30
|l 0
|r 2005-01-02 00:00:00
|w 2026-02-24
|
| 952 |
|
|
|t P60, <04>, [BOOK], {604}
|a SNK
|b SNK
|y VYP
|7 0
|o snkSD 61746 D1
|i snkKIP 496/90
|0 0
|1 0
|4 0
|d 1998-06-30
|l 0
|r 2005-01-02 00:00:00
|w 2026-02-24
|